000 01239nam0a2200301 4500
001 RU\NLR\BIBL_A\011433396
005 20260406094542.0
010 _a9785885037013
_93000
021 _aRU
_b2017-44429
_93212
035 _a(RuMoRGB)008912409
035 _a(NLR Aleph) 011433396
090 _a11664333
_c11664333
100 _a20170706d2017 u y0rusy50 ca
101 1 _arus
_ceng
102 _aRU
105 _aa|||z|||000zy
200 1 _aМаленькая книга хороших советов о даре уверенности в себе
_fБрайан Трейси
_g[пер. с англ.: И.И. Бурова]
210 _aМосква
_aСанкт-Петербург
_cДиля
_d2017
215 _a123 с.
_cил.
_d10x16
320 _aДр. произведения авт. на 4-й с. обл.
333 _a16+
606 _aУверенность в себе
_jПопулярные издания
_xПсихологические исследования
_92078176
_3RU\NLR\AUTH\661254006
686 1 _aЮ937.26-42я9
700 1 _8rus
_7ca
_aТрейси
_bБ.
_f1944-
_gБрайан
_3RU\NLR\AUTH\7769295
_952223
942 _cBOOK
980 _aNBR